000 00662nam a2200241Ia 4500
003 OSt
005 20220928125045.0
006 a|||||r|||| 00| 0
007 ta
008 220927b |||||||| |||| 00| 0 eng d
024 _a138859
037 _cTextual
040 _aSDCL
_cSDCL
_beng
041 _2eng
_aeng
082 _aR625x3,2, L6
100 _aUdayana
_9467824
245 0 _aNyayaparisista .
260 _aTirupati
_bKendriya Sanskrit Vidyapeetha
_c1991
300 _axvii,124p.
_ccm.
700 _a Srirama Desikan S N
_9467825
942 _hR625x3,2, L6
_cTEXL
_2CC
999 _c780713
_d780713